Situación del colegio agropecuario de Talamanca

Sparad:
Bibliografiska uppgifter
Huvudupphovsman: González Rodríguez, Félix
Materialtyp: Text
Publicerad: Heredia: Universidad Nacional
Taggar: Lägg till en tagg
Inga taggar, Lägg till första taggen!

MARC

LEADER 00000 a a2200000 04500
001 21221
003
040 |a CRAI/IIS  |c CRAI/IIS 
090 |a 092500  
100 |a González Rodríguez, Félix  
245 |a Situación del colegio agropecuario de Talamanca  
260 |a Heredia:   |b Universidad Nacional  
300 |a 14 p.  
999 |c 17059  |d 17059